000 00543nam a2200193Ia 4500
008 090124s9999 xx 000 0 und d
020 _a978-81-7486-712-4
082 _b46816
100 _aगजेंद्रगडकर मोनिका
245 _a आर्त
250 _a1
260 _c2008
300 _a169
600 _aगजेंद्रगडकर मोनिका
630 _a आर्त
700 _aगजेंद्रगडकर मोनिका
730 _a आर्त
942 _cBOOK
999 _c113042
_d113042